| 000 | 00642nam a2200229 a 4500 | ||
|---|---|---|---|
| 999 |
_c4805 _d4805 |
||
| 001 | 4805 | ||
| 003 | BD-JhCC | ||
| 005 | 20171203185048.0 | ||
| 008 | 171203s1966 u a|||| || | 001 0 eng d | ||
| 035 | _a(BD-JhCC)4805 | ||
| 040 |
_aBD-JhCC _dBD-JhCC |
||
| 041 | _aeng | ||
| 082 |
_a629.453 _bHYM 1966 |
||
| 100 | _aHymoff, Edward | ||
| 245 |
_aGuidance and Control of Spacecraft / _cEdward Hymoff, |
||
| 260 |
_aNew York : _bHolt, Rinehart and Winston, Inc., _c1966. |
||
| 300 |
_a176 p. : _bill. ; _c20 cm. |
||
| 504 | _aIncludes Index and Bibliography | ||
| 650 |
_aSpace Vehicles _xControl System |
||
| 942 |
_2ddc _cBK |
||